Score 0/10 Timer 01:00
5 Plays Today
% Correct
Victor Hugo
98.1%
Alexandre Dumas
90.5%
Jean-Paul Sartre
82.9%
Albert Camus
75.4%
Émile Zola
71.2%
Gustave Flaubert
70.7%
Simone de Beauvoir
69.8%
Balzac
64.4%
Antoine de Saint-Exupéry
52.7%
George Sand
49.4%
Remove Ads.
Support Sporcle.
Get the best of Sporcle when you Go Orange. This ad-free experience offers more features, more stats, and more fun while also helping to support Sporcle. Thank you for becoming a member.

You're not logged in!

Compare scores with friends on all Sporcle quizzes.
OR
Log In

Show Comments

Extras

Top Quizzes Today


Score Distribution

Your Account Isn't Verified!

In order to create a playlist on Sporcle, you need to verify the email address you used during registration. Go to your Sporcle Settings to finish the process.

Report this User

Report this user for behavior that violates our Community Guidelines.

Details: